000 00320nam a22001337a 4500
008 160518b xxu||||| |||| 00| 0 eng d
020 _a9780781751155
020 _a9780781751155
020 _a0781751152
041 _aeng
080 _a618.2
245 _aEssentias of pediatric nursing:
_cTerri Kyle;
942 _2udc
_cBK
999 _c2183
_d2183